00576nam a2200181Ia 4500003000900000008004100009020001800050040001600068080002000084100002200104245010000126260004700226300001500273490002900288650004100317650001800358650001800376IN-BaIIA211028s9999 xx 000 0 eng d a0-226-52330-6 cIIA Library a524.35-854bMIC aMichel, F. Curtis 0aTheory of neutron star magnetospherescF. Curtis Michel  aChicagobUniversity of Chicago Pressc1991 axvi, 517p. aTheoretical astrophysics aAstronomy and astrophysics thesaurus aMagnetosphere aNeutron stars